Responses for Show #2136 - Monday, December 13, 1993

David Hillinck game 4.

Contestants

[<< previous game]

Pat Whitehead, a housewife and grad student from Wall, New Jersey

Lynn Clemons, an outdoor recreation planner from Winnemucca, Nevada

David Hillinck, a teacher and administrator from Pasadena, California (whose 3-day cash winnings total $41,701)

[next game >>]

Jeopardy! Round responses

1983
BATMAN
(Alex: And with regard to that Batman TV series, this is the series that was on the air in the 1960s, not the current one.)
THE ENVIRONMENT
BIOLOGY
FOOD & DRINK
COMMON BONDS
    $100 26
President Kennedy

Lynn
    $100 21
Gotham City

David
    $100 1
Bill Clinton

Lynn
    $100 6
(Pat: What is the pharynx?)

the vocal cords

DavidPat
    $100 16
coffee cakes

Lynn
    $100 8
codes

Pat
    $200 27
Martin Luther King

David
    $200 22
Catwoman

Pat
    $200 2
the gray whale

Lynn
    $200 7
the shell

Pat
    $200 17
(David: What is Italy?)
(Lynn: What is Spain?)

France

DavidLynnPat
    $200 9
pins

Pat
    $300 28
Beirut

Lynn
    $300 23
the Joker

Lynn
    $300 3
Germany

David
    $300 11
gestation

Lynn
    $300 18
lime

Lynn
    $300 10
Captains

David
    $400 29
Ayers Rock

Lynn
    $400 24
the Riddler

Lynn
    $400 4
(Lynn: What is Australia?)

New Zealand

DavidLynn
    $400 12
Crustaceans

Pat
    $400 19
Tabasco

Lynn
    $400 13
dogs

David
    $500 30
(Pat: Who's Carter?)
(David: Who is Sadat?)

Hosni Mubarak

DavidPat
Triple Stumper
    $500 25
(Pat: Who is Harvey Korman?)
(David: Who is Tim Conway?)

Lyle Waggoner

DavidPat
Triple Stumper
    $700 5
Prince William Sound

David
    $500 14
a fruit fly

David
    $500 20
(Lynn: What is Fra Angelica?)

amaretto

Lynn
Triple Stumper
    $500 15
hats

Pat

Scores at the first commercial break (after clue 15):

David Lynn Pat
$2,700 $200 $1,300

Scores at the end of the Jeopardy! Round:

David Lynn Pat
$1,800 $1,800 $700

Double Jeopardy! Round responses

STATE CAPITALS
BLACK FIRSTS
OPTICS
WEDDING CUSTOMS
HISTORIC PLACES
LITERATURE
    $200 16
Tallahassee

Pat
    $200 10
a patent

Pat
    $200 21
a prism

David
    $200 26
the veil

David
    $200 6
the North Pole

David
    $200 1
James Michener

David
    $400 17
Annapolis

Lynn
    $400 11
(David: What is the South Pole?)

space

David
Triple Stumper
    $400 22
a laser

Lynn
    $400 27
the ring

Lynn
    $400 7
the Dead Sea

Lynn
    $400 2
"The Gold-Bug"

Pat
    $600 18
Providence (Rhode Island)

David
    $600 12
Nelson Mandela

Pat
    $600 23
flat

David
    $600 28
witnesses

David
    $600 8
Japan

Triple Stumper
    $600 3
Ernest Hemingway

David
    $2,000 19
(David: What is Reno?)
(Alex: No, sorry. The Keystone State is Pennsylvania; the capital of Pennsylvania is [*].)

Harrisburg

David
    $800 13
Phi Beta Kappa

David
    $800 24
an angstrom

Lynn
    $800 29
(Pat: [No response])

crowns

DavidPat
    $800 9
Andersonville

Pat
    $2,000 4
Ulysses

David
    $1000 20
(Pat: What is Santa Fe?)
(Lynn: What is Phoenix?)

Oklahoma City

LynnPat
Triple Stumper
    $1000 14
Jack Johnson

Triple Stumper
    $1000 25
Niels Bohr

David
    $1000 30
(Lynn: What are the bells?)

a gong

Lynn
Triple Stumper
    $1000 15
the Maginot Line

David
    $1000 5
Horatio Alger

Triple Stumper

Scores at the end of the Double Jeopardy! Round:

David Lynn Pat
$8,200 $2,200 $1,100
(lock game)

[wagering suggestions for these scores]

Final Jeopardy! Round responses

TOYS & GAMES
PatWhat is LEGO?
$1,100
LynnWhat is LEGGO?
$1,200
DavidWhat is Graco?
$2,500
LEGO

Final scores:

David Lynn Pat
$5,700 $3,400 $2,200
4-day champion: $47,401 2nd place: NEC notebook computer + reference book collection 3rd place: Service Merchandise gift certificate + Wheel of Fortune & Jeopardy! games for Super Nintendo & Sega Genesis

Game dynamics:

Coryat scores:

David Lynn Pat
$8,800 $2,200 $1,100
22 R
(including 2 DDs),
5 W
(including 1 DD)
16 R,
5 W
12 R,
5 W

Combined Coryat: $12,100

[game clues] [game scores] [suggest correction]

Game tape date: 1993-09-13
The J! Archive is created by fans, for fans. Scraping, republication, monetization, and malicious use prohibited; this site may use cookies and collect identifying information. See terms. The Jeopardy! game show and all elements thereof, including but not limited to copyright and trademark thereto, are the property of Jeopardy Productions, Inc. and are protected under law. This website is not affiliated with, sponsored by, or operated by Jeopardy Productions, Inc. Join the discussion at JBoard.tv.